50 films à remplir - 2021 - Statistiques

Statistiques générales
  • Ce quiz a été pris 208 fois
  • Le résultat moyen est 25 sur 50
Statistiques - réponses
Hint Réponse % Correct
Baby Boss 2 : Une ... de famille Affaire
83%
... vs Kong Godzilla
82%
Spider-Man: No Way ... Home
81%
Mortal ... Kombat
79%
... un bruit 2 Sans
79%
... Side Story West
79%
... peut attendre Mourir
78%
... Nord BAC
77%
Le ... Duel Dernier
77%
OSS 117 : Alerte rouge en ... noire Afrique
75%
Raya et le dernier ... Dragon
74%
Don't ... Up - Déni Cosmique Look
74%
... Suicide Squad The
73%
La ... des neiges Panthère
72%
Illusions ... Perdues
68%
... noire Boîte
67%
... My Car Drive
63%
... : la Fantastique Famille Madrigal Encanto
63%
Tick, tick... ... ! Boom
61%
Les ... Éternels
61%
... et la Légende des Dix Anneaux Shang-Chi
57%
... : Premier Volet Kaamelott
55%
... [avec Emma Stone] Cruella
53%
... Guy Free
53%
...: Let There Be Carnage Venom
53%
Black ... Widow
51%
Le ... des dieux Sommet
47%
... [adapté du livre de Frank Herbert] Dune
46%
L'... Évènement
44%
House of ... Gucci
44%
... Paralelas Madres
42%
Les Mitchell contre les Machines
40%
Last Night in ... Soho
39%
... [palme d'or au Festival de Cannes] Titane
39%
Demon Slayer: Kimetsu no Yaiba - Le film : Le ... de l'infini Train
38%
The ... Father
37%
...land Nomad
31%
... [film musical de Leos Carax] Annette
30%
La Loi de ... Téhéran
27%
The ... Underground Velvet
26%
Sound of ... Metal
24%
The Power of the ... Dog
19%
... (en 12 chapitres) Julie
19%
The ... Counter Card
17%
... de nuit Médecin
17%
... Young Woman Promising
17%
... - 10 000 nuits dans la jungle Onoda
13%
... [avec Nicolas Cage] Pig
11%
Bo Burnham : ... Inside
6%
... Baby Shiva
3%
Aucun quiz correspondant
Distribution des résultats
% des personnes avec chaque résultat
Percentile par nombre de réponses
Votre historique - résultats
Vous n’avez pas pris ce quiz